Every Song by Stormtroopers of Death - Statistics

General Stats
  • This quiz has been taken 7 times
  • The average score is 15 of 120
Answer Stats
Album Song % Correct
Crab Society North(1985) (!)
100%
Speak English or Die(1985) March of the S.O.D.
83%
Speak English or Die(1985) Speak English or Die
83%
Speak English or Die(1985) Ballad of Jimi Hendrix
67%
Speak English or Die(1985) Freddy Krueger
67%
Speak English or Die(1985) Fuck the Middle East
67%
Speak English or Die(1985) Kill Yourself
67%
Speak English or Die(1985) Milk
67%
Bigger than the Devil(1999) Bigger than the Devil
50%
Speak English or Die(1985) Milano Mosh
50%
Speak English or Die(1985) Pre-Menstrual Princess Blues
50%
Speak English or Die(1985) Pussy Whipped
50%
Rise of the Infidels(2007) Ballad of Nirvana
33%
Speak English or Die(1985) Chromatic Death
33%
Speak English or Die(1985) Diamonds and Rust
33%
Speak English or Die(1985) Douche Crew
33%
Speak English or Die(1985) Hey Gordy!
33%
Speak English or Die(1985) Sargent D and the S.O.D.
33%
Seasoning the Obese(2000) Seasoning the Obese
33%
Speak English or Die(1985) United Forces
33%
Speak English or Die(1985) What's That Noise
33%
Crab Society North(1985) You N...
33%
Crab Society North(1985) 1
17%
Crab Society North(1985) 2
17%
Crab Society North(1985) 2 & 1
17%
Speak English or Die(1985) Anti-Procrastination Song
17%
Rise of the Infidels(2007) Ballad of Freddy Mercury
17%
Rise of the Infidels(2007) Ballad of Jim Morrison
17%
Bigger than the Devil(1999) Ballad of Michael H.
17%
Bigger than the Devil(1999) Black War
17%
Speak English or Die(1985) Fist Banging Mania
17%
Speak English or Die(Bonus)(2000) Go
17%
Speak English or Die(Bonus)(2000) Identity
17%
Rise of the Infidels(2007) Java Amigo
17%
Crab Society North(1985) Jim Gordon
17%
Bigger than the Devil(1999) Kill the Assholes
17%
Bigger than the Devil(1999) L.A.T.K.C.H.
17%
Bigger than the Devil(1999) Monkeys Rule
17%
Bigger than the Devil(1999) Noise That's What
17%
Speak English or Die(1985) No Turning Back
17%
Speak English or Die(1985) Pi Alpha Nu
17%
Bigger than the Devil(1999) Skool Bus
17%
Bigger than the Devil(1999) The Crackhead Song
17%
Bigger than the Devil(1999) Xerox
17%
Bigger than the Devil(1999) Aren't You Hungry?
0%
Crab Society North(1985) Arrgh!
0%
Rise of the Infidels(2007) Ballad of Frank Sinatra
0%
Rise of the Infidels(2007) Ballad of INXS
0%
Bigger than the Devil(1999) Ballad of Phil H.
0%
Crab Society North(1985) BDFP
0%
Crab Society North(1985) Bogunsbomp
0%
Crab Society North(1985) Boln
0%
Crab Society North(1985) Bubble Butt
0%
Crab Society North(1985) Bushwackateas
0%
Crab Society North(1985) By the Way
0%
Bigger than the Devil(1999) Celtic Frosted Flakes
0%
Bigger than the Devil(1999) Charlie Don't Cheat
0%
Crab Society North(1985) Cowfucking Renee
0%
Crab Society North(1985) Dan
0%
Crab Society North(1985) Danny Spitz Will Fuck Anything
0%
Crab Society North(1985) DFP
0%
Crab Society North(1985) Diamond and Rust
0%
Bigger than the Devil(1999) Dog on the Tracks
0%
Crab Society North(1985) Don't Do Anything Foolish
0%
Crab Society North(1985) DSL
0%
Crab Society North(1985) E-Brake
0%
Crab Society North(1985) Emow
0%
Bigger than the Devil(1999) Every Tiny Molecule
0%
Crab Society North(1985) Fluoride and the Captivity Creeps
0%
Crab Society North(1985) Food-Dog-Golf!!!
0%
Bigger than the Devil(1999) Frankenstein and His Horse
0%
Bigger than the Devil(1999) Free Dirty Needles
0%
Bigger than the Devil(1999) Fugu
0%
Crab Society North(1985) Hammer Before Knife
0%
Crab Society North(1985) Happy Tooth Paste Bag
0%
Crab Society North(1985) Hey John
0%
Crab Society North(1985) House of My Head
0%
Crab Society North(1985) IHO
0%
Crab Society North(1985) I'm Incredible
0%
Crab Society North(1985) I've Been in a Cave for...
0%
Crab Society North(1985) Jogging With Fall
0%
Crab Society North(1985) July 1st
0%
Bigger than the Devil(1999) King at the King / Evil Is In
0%
Crab Society North(1985) Lardas Hogan
0%
Crab Society North(1985) Laughing, Happy, Happy, Joy as Glad, Decapitation
0%
Crab Society North(1985) Leisuresuit
0%
Crab Society North(1985) Let Me Say One Thing
0%
Crab Society North(1985) Listen Lady
0%
Crab Society North(1985) Loud Bell
0%
Crab Society North(1985) Lou Kamada's
0%
Bigger than the Devil(1999) Make Room, Make Room
0%
Crab Society North(1985) Mano's
0%
Crab Society North(1985) MDC Hang Out in Gay Bars
0%
Crab Society North(1985) Mely Cow
0%
Bigger than the Devil(1999) Moment of Truth
0%
Crab Society North(1985) Momo
0%
Crab Society North(1985) Neck to Neck
0%
Crab Society North(1985) Not to Talk About Anthrax But ...
0%
Crab Society North(1985) Papa Benjamin
0%
Seasoning the Obese(2000) Raise Your Sword
0%
Crab Society North(1985) Rooster Fucker
0%
Bigger than the Devil(1999) Shenanigans
0%
Crab Society North(1985) Shit's Suck
0%
Rise of the Infidels(2007) Stand Up and Fight
0%
Crab Society North(1985) Steve Wright Rules
0%
Crab Society North(1985) Taint
0%
Crab Society North(1985) The Bat Lived
0%
Crab Society North(1985) The Camel Boy
0%
Crab Society North(1985) The Drunk Guy
0%
Crab Society North(1985) The Leopard Killer
0%
Crab Society North(1985) The Poisonous Midget
0%
Bigger than the Devil(1999) The Song That Don't Go Fast
0%
Crab Society North(1985) This Doesn't Leave the Room
0%
Crab Society North(1985) Tom Brown
0%
Crab Society North(1985) Tony Two
0%
Crab Society North(1985) Vitality
0%
Bigger than the Devil(1999) We All Bleed Red
0%
Crab Society North(1985) We Are the Sock
0%
Crab Society North(1985) You Bastard
0%
Crab Society North(1985) Your Kungfu Stinks
0%
No matching quizzes found
Score Distribution
Percent of People with Each Score
Percentile by Number Answered
Your Score History
You have not taken this quiz